000 01498ngm a22004090a 4500
001 PT13522
003 AR-LpoUNG
005 20210202000328.0
007 vd cvaizq
008 191001s1998||||ag |||||||||||||||||spa d
020 _a9504359264 (o.c.)
040 _aAR-LpoUNG
_bspa
_cAR-LpoUNG
_eaacr
041 _aspa
044 _aag
082 0 _a982 632v7
100 1 _aPigna, Felipe
_edir.
245 1 0 _aHistoria Argentina 1943 - 1955 :
_bprocesos socioeconómicos, políticos y culturales
260 _aBuenos Aires :
_bDiana,
_c1998.
300 _aVHS (44 min.) : son., col.
505 0 _aGuión: Carlos Mora, Marta Dino ; narración: Edgardo Pérez Morán ; asistencia: Natalia Incolla Garay, Sol Povarchik ; guión: Marta Dino, distribución: Mauro Ariel González ; colaboración: Karina Solano ; edición: Martín Gaztelu. - Se acompaña con una guía de trabajo, inventario Nº 12519
520 _aContiene: Perón; Eva Perón; Guerra Fría; Mao Tse Tung; Revolución libertadora.
650 4 _aANALISIS HISTORICO
650 4 _aFUERZAS ARMADAS
650 4 _aHISTORIA
650 4 _aMOVIMIENTOS DE LIBERACION NACIONAL
650 4 _aPOLITICA
650 4 _aPOLITICOS
650 4 _aPROBLEMAS SOCIALES
650 4 _aSOCIEDAD
651 4 _aArgentina
653 _aVIDEOS
653 _aVIDEOS DIDACTICOS
710 2 _aEscuela Superior de Comercio Carlos Pellegrini (Buenos Aires)
710 2 _aUniversidad de Buenos Aires
905 _a13522
942 _cVIDEO
999 _c54621
_d54621